Представление документа в формате MARC21

Поле Инд. ПП Название Значение
Тип записи a
Библиографический уровень m
001 Контрольный номер 0dc26fbd3e414cf898cc9072bac18a57
005 Дата корректировки 20260407093906.8
084 a Индекс другой классификации/Индекс ББК 87
097 b Оператор Кондратьева
245 10 a Заглавие Вестник Московского университета. Серия 7. Философия
n Номер части/ раздела 5
260 c Дата издания 2025
900 a Имя макрообъекта 0000003905921
901 t Тип документа s